Los sistemas sociales contemporáneos y sus direcciones convergentes / (Record no. 41955)

MARC details
000 -LEADER
campo de control de longitud fija 00812nam a2200193 i 4500
001 - NÚMERO DE CONTROL
campo de control 41955
003 - IDENTIFICADOR DE NÚMERO DE CONTROL
campo de control ES-MaACL
005 - FECHA Y HORA DE LA ÚLTIMA TRANSACCIÓN
campo de control 20231229063012.0
007 - CAMPO FIJO DE DESCRIPCIÓN FÍSICA--INFORMACIÓN GENERAL
campo de control de longitud fija t|
008 - DATOS DE LONGITUD FIJA--INFORMACIÓN GENERAL
campo de control de longitud fija 030312s1931 sp ||||1| spa d
100 1# - ENTRADA PRINCIPAL--NOMBRE DE PERSONA
Nombre de persona Castán Tobeñas, José,
Fechas asociadas al nombre 1889-1969
9 (RLIN) 36392
245 14 - MENCIÓN DEL TÍTULO
Título Los sistemas sociales contemporáneos y sus direcciones convergentes /
Mención de responsabilidad, etc. discurso leído en la solemne apertura del curso académico de 1931 a 1932 por José Castán Tobeñas.
260 ## - PUBLICACIÓN, DISTRIBUCIÓN, ETC.
Lugar de publicación, distribución, etc. Valencia :
Nombre del editor, distribuidor, etc. [s.n.,
Fecha de publicación, distribución, etc. 1931] (
Fabricante Imp. Hijo F. Vives Mora)
300 ## - DESCRIPCIÓN FÍSICA
Extensión 119 p. ;
Dimensiones 24 cm.
490 1# - MENCIÓN DE SERIE
Mención de serie Anales de la Universidad de Valencia. Año XII, 1931-1932. Cuaderno ;
Designación de volumen o secuencia 89
830 0# - PUNTO DE ACCESO ADICIONAL DE SERIE-TÍTULO UNIFORME
Título uniforme Anales de la Universidad de Valencia. Año XII, 1931-1932. Cuaderno ;
Designación de volumen o secuencia 89
9 (RLIN) 229810
852 ## - LOCALIZACIÓN
Ubicación ES-MaACL
Número de control de estantería 1876-F-6
Sublocalización o colección R.25073
Holdings
Estatus retirado Estado de pérdida Estado de daño No para préstamo Colección Biblioteca de origen Biblioteca actual Ubicación en estantería Fecha de adquisición Fuente de adquisición Total de préstamos Signatura topográfica completa Código de barras Visto por última vez Precio de reemplazo Tipo de ítem Koha
        Colección de folletos Biblioteca del Ateneo de Madrid Biblioteca del Ateneo de Madrid Depósito folletos 17/01/2008     1876-F-6 1044162 23/02/2023 23/02/2023 Folleto